The Weeknd Trilogy Tracklist (BONUS SONGS) - Statistics

General Stats
  • This quiz has been taken 67 times
  • The average score is 24 of 32
Answer Stats
Tracklist Answer % Correct
3. House Of Balloons / Glass Table Girls
95%
1. High For This
93%
10. Twenty-Eight
93%
12. Life Of The Party
89%
4. The Morning
89%
6. The Party & The After Party
89%
7. Coming Down
86%
16 The Birds Pt. 1
86%
17. The Birds Pt. 2
86%
8. Loft Music
84%
19. Rolling Stone
82%
9. The Knowing
82%
14. The Zone (Feat. Drake)
82%
13. Thursday
82%
2. What You Need
82%
5. Wicked Games
82%
22. D.D
80%
23. Montreal
80%
18. Gone
77%
29 Next
77%
21. Valerie
77%
30 Echoes Of Silence
75%
11. Lonely Star
73%
25. XO / The Host
70%
20. Heaven Or Las Vegas
68%
24. Outside
68%
26. Initiation
66%
28 The Fall
61%
27. Same Old Song
59%
31 Till Dawn ( Here Comes The Sun )
59%
15. The Birds Interlude
20%
BONUS Open Letter To Fans
7%
No matching quizzes found
Score Distribution
Percent of People with Each Score
Percentile by Number Answered
Your Score History
You have not taken this quiz